000 00261nam a2200109Ia 4500
008 200302s9999 xx 000 0 und d
100 _aFrank Ching
245 _aArchitectural Graphics 2nd ed.
260 _bVan Nostrand Renhold
260 _c1985
300 _a187 P.,
999 _c841
_d841